|
|
|
|
| LEADER |
01381njm a2200325 a 4500 |
| 001 |
001131030 |
| 003 |
CZ BrMZK |
| 005 |
20101213124543.0 |
| 007 |
sd fsngnnmmned |
| 008 |
101201s2010 xr mcn g cze d |
| 024 |
3 |
|
|a 8590442051118
|
| 028 |
0 |
1 |
|a 55111-2
|b Popron Music
|
| 040 |
|
|
|a BOA001
|b cze
|
| 072 |
|
7 |
|a 782
|x Divadelní hudba. Opera, opereta, muzikál
|2 Konspekt
|9 9
|
| 080 |
|
|
|a 782.8
|2 MRF
|
| 080 |
|
|
|a (086.76)
|2 MRF
|
| 100 |
1 |
|
|a Absolonová, Monika,
|d 1976-
|7 js20020408005
|4 sng
|
| 245 |
1 |
0 |
|a Muzikálové album
|h [zvukový záznam]
|
| 260 |
|
|
|a [Praha] :
|b Popron Music,
|c p2010
|
| 300 |
|
|
|a 1 zvuková deska :
|b digital ;
|c 12 cm
|
| 500 |
|
|
|a Kompaktní deska
|
| 505 |
0 |
0 |
|t Teď královnou jsem já --
|t Jsi můj pán --
|t Asi, asi --
|t Jako Fénix --
|t Lásko má, já stůňu --
|t Volba má --
|t Temný stín --
|t Co na tom je tak zlého --
|t Hádej s kým --
|t Doufám, že mi sílu Bůh dá --
|t Chci žít Tvou láskou --
|t Nespoutaná
|
| 511 |
0 |
|
|a Monika Absolonová, zpěv
|
| 518 |
|
|
|a Nahráno ve studiích: Sound & Rhythm Studio, "W" Karla Vágnera a ČTv "A", květen - září 2010
|
| 650 |
0 |
7 |
|a muzikály
|7 ph123058
|2 czenas
|
| 655 |
|
7 |
|a kompaktní desky
|7 fd201991
|2 czenas
|
| 910 |
2 |
|
|a BOA001
|b CDR-1250.131
|
| 990 |
|
|
|a AV
|
| 991 |
|
|
|b 201012
|
| 996 |
6 |
|
|b 2610455853
|c CDR-1250.131
|l MZK
|r Sklad / do 24 hodin
|n 0
|p p.v.
|w 001160313
|u 000010
|a 1
|e BOA001
|j MZK50
|s P
|